Advanced accounting for CA professional competence examination (Record no. 43807)
[ view plain ]
| 000 -LEADER | |
|---|---|
| fixed length control field | 00556nam a2200193Ia 4500 |
| 001 - CONTROL NUMBER | |
| control field | 45850 |
| 008 - FIXED-LENGTH DATA ELEMENTS--GENERAL INFORMATION | |
| fixed length control field | 140428s9999 xx 000 0 und d |
| 020 ## - INTERNATIONAL STANDARD BOOK NUMBER | |
| International Standard Book Number | 9780070263611 |
| 040 ## - CATALOGING SOURCE | |
| Transcribing agency | PK-LaUMT |
| 082 ## - DEWEY DECIMAL CLASSIFICATION NUMBER | |
| Classification number | 657.046 |
| Item number | HAN-A |
| 100 ## - MAIN ENTRY--PERSONAL NAME | |
| Personal name | Hanif, Muhammad |
| 245 ## - TITLE STATEMENT | |
| Title | Advanced accounting for CA professional competence examination |
| Statement of responsibility, etc | Hanif, Muhammad<>Mukherjee, Amitabha |
| 260 ## - PUBLICATION, DISTRIBUTION, ETC. (IMPRINT) | |
| Place of publication, distribution, etc | New Delhi,India: |
| Name of publisher, distributor, etc | Tata McGraw-Hill Publishing, |
| Date of publication, distribution, etc | 2008 |
| 501 ## - WITH NOTE | |
| With note | 2 vols. |
| 546 ## - LANGUAGE NOTE | |
| Language note | EN |
| 650 ## - SUBJECT ADDED ENTRY--TOPICAL TERM | |
| Topical term or geographic name as entry element | Accounting |
| 700 ## - ADDED ENTRY--PERSONAL NAME | |
| Personal name | Mukherjee, Amitabha |
| 942 ## - ADDED ENTRY ELEMENTS (KOHA) | |
| Koha item type | Books |
| Withdrawn status | Lost status | Source of classification or shelving scheme | Damaged status | Not for loan | Home library | Current library | Date acquired | Total Checkouts | Full call number | Barcode | Date last seen | Date checked out | Price effective from | Koha item type |
|---|---|---|---|---|---|---|---|---|---|---|---|---|---|---|
| Dewey Decimal Classification | UMT Main Campus | UMT Main Campus | 2014-04-28 | 1 | 657.046 HAN-A | 54902 | 2023-03-10 | 2021-12-13 | 2014-05-06 | Books | ||||
| Dewey Decimal Classification | UMT Main Campus | UMT Main Campus | 2014-06-26 | 3 | 657.046 HAN-A | 54954 | 2023-04-13 | 2022-11-30 | 2014-06-26 | Books |
